000 01593nam a22002177a 4500
003 0
005 20241016093842.0
008 241016b xxu||||| |||| 00| 0 eng d
020 _a9781032453668
050 _aHB 172
_b.N58 2024
100 _aNguyen, Bonnie,
_eauthor.
245 _aEssentials of microeconomics /
_cBonnie Nguyen and Andrew Wait.
250 _a2nd ed.
260 _aNew York, NY :
_bRoutledge,
_c2024.
300 _axvii, 258 p. :
_bill. ;
_c25 cm.
504 _aIncludes index.
520 _a"Essentials of Microeconomics is an excellent introduction to microeconomics. It presents the basic tools of microeconomics clearly and concisely. It presents a vigorous treatment of all relevant introductory microeconomic concepts, and emphasizes on modern economics - game theory and imperfect markets. Each chapter is self-contained and includes the required key mathematical skills at the start. Now in its second edition, this updated textbook includes: Expanded lecturer resources, including detailed lecture slides, sample exam questions and updated test bank MCQs An additional section on Economics in Practice, focused on policy, econometrics, and behavioural economics This book is ideal not only for introductory microeconomics course, but its level of analysis also makes the book appropriate for introductory level economics taught at postgraduate level. With the emphasis on strategy, this text is also well suited for use in business economics courses"--Provided by publisher.
650 _aMicroeconomics.
700 _aWait, Andrew,
_eauthor.
942 _2lcc
_cBK
999 _c366564
_d366564